Safest Countries according to Gay Travel Index - Statistics

General Stats
  • This quiz has been taken 104 times
  • The average score is 19 of 24
Answer Stats
Points Country % Correct
9 Sweden
97%
13 Canada
94%
9 Finland
94%
11 Norway
94%
11 Australia
92%
13 Spain
92%
9 Netherlands
91%
9 United Kingdom
91%
12 New Zealand
89%
10 Belgium
88%
10 Denmark
88%
12 Germany
88%
13 Portugal
87%
9 Austria
83%
13 Iceland
83%
9 Ireland
83%
11 Switzerland
83%
9 Luxembourg
80%
9 Greece
73%
13 Malta
59%
9 Argentina
54%
10 Chile
51%
11 Uruguay
44%
9 Taiwan
43%
No matching quizzes found
Score Distribution
Percent of People with Each Score
Percentile by Number Answered
Your Score History
You have not taken this quiz